| Tag |
First Indicator |
Second Indicator |
Subfields |
| LEADER |
00000cam a2200000 a 4500 |
| 001 |
in00000080772 |
| 005 |
20151008054056.0 |
| 008 |
780202s1961 dcua 00010 eng d |
| 035 |
|
|
|a (OCoLC)03597231
|
| 035 |
|
|
|9 AAH9553AM
|
| 040 |
|
|
|a ZXC
|c ZXC
|d TXA
|d UtOrBLW
|
| 049 |
|
|
|a TXAM
|c [387429]
|
| 090 |
|
|
|a TE177
|b .A485
|
| 110 |
2 |
|
|a American Association of State Highway Officials.
|b Operating Committee on Roadside Development.
|
| 245 |
1 |
2 |
|a A policy on landscape development for the national system of interstate and defense highways, 1961 /
|c [prepared by Operating Committee on Roadside Development of the American Association of State Higheay Officials].
|
| 264 |
|
1 |
|a Washington, D. C. :
|b The Association,
|c 1961.
|
| 300 |
|
|
|a 38 leaves :
|b illustrations ;
|c 28 cm.
|
| 336 |
|
|
|a text
|b txt
|2 rdacontent
|
| 337 |
|
|
|a unmediated
|b n
|2 rdamedia
|
| 338 |
|
|
|a volume
|b nc
|2 rdacarrier
|
| 650 |
|
0 |
|a Roadside improvement
|z United States.
|
| 999 |
|
|
|a MARS
|
| 999 |
f |
f |
|s b61d6183-6173-331f-a53b-65d92cda0bf2
|i 77f26a00-46ab-39c1-9d22-c4e254045100
|t 0
|
| 952 |
f |
f |
|p ric
|a Texas A&M University
|b Rellis Campus
|c Joint Library Facility
|d Remote Storage
|t 0
|e TE177 .A485
|h Library of Congress classification
|i unmediated -- volume
|m A14810774616
|
| 998 |
f |
f |
|a TE177 .A485
|t 0
|l Remote Storage
|